000 00652nam a22002171 4500
001 bimo0000976138
003 OSt
005 20141210213002.0
008 920725s1972 sp spa
040 _cBMC
082 _a980
100 1 _aHalperin Donghi, Tulio
_9402
245 1 0 _aHistoria Contemporánea de América Latina
_cTulio Halperin Donghi ; traductor, Cesare Colombo
250 _a3ª ed
260 _aMadrid
_bAlianza Editorial
_c1972
300 _a549 p.
_c18 cm
490 0 _aEl Libro de Bolsillo. Sección: Humanidades
_v192
651 2 4 _aAmérica latina
_xHistoria
_93454
700 1 _929537
_aColombo, Cesare
942 _2ddc
_cBK
999 _c16104
_d16104